00237 a2200085 4500020001800000050001700018082001700035245003800052260006100090 a9781405487603 aJ423.17 ROOT aJ423.17 ROOT aChildren's Illustrated Dictionary aBath, Parragon: UKbJessica Stockham & Jane Swiftc2006